000 00602nam a2200181Ia 4500
008 090124s9999 xx 000 0 und d
082 _b27491
_a3631
100 _aखाडिलकर नीलकंठ.
245 _a अग्रलेखांचा बादशहा
250 _a0
260 _c1994
300 _a166
600 _aखाडिलकर नीलकंठ.
630 _a अग्रलेखांचा बादशहा
700 _aखाडिलकर नीलकंठ.
730 _a अग्रलेखांचा बादशहा
942 _cBOOK
999 _c140956
_d140956